000 00362 a2200145 4500
001 63167
040 _cAnchieta - Pituba
100 _aMustafa, Allysson Queiroz
240 1 0 _a2ª Avaliação de História, I Unidade
_lpor
245 1 0 _a2ª Avaliação de História, I Unidade
300 _a8
362 0 _a2017
650 4 _aGeografia e História
942 _cBK
999 _c63167
_d63167